Unstudio: el espacio flotante
Zapisane w:
| 1. autor: | |
|---|---|
| Format: | Książka |
| Język: | hiszpański |
| Wydane: |
Colonia
Taschen
2007
|
| Hasła przedmiotowe: | |
| Etykiety: |
Dodaj etykietę
Nie ma etykietki, Dołącz pierwszą etykiete!
|
MARC
| LEADER | 00000nam a2200000 a 4500 | ||
|---|---|---|---|
| 001 | UCG7136 | ||
| 003 | CL-VaPUC | ||
| 008 | 110617e20070000GW |||||||||||||||||spa|d | ||
| 020 | |a 9783822845349 | ||
| 082 | 0 | 4 | |a 720 |b BET |2 21 |
| 100 | 0 | |a Betsky, Aaron |e author |9 557701 | |
| 245 | 1 | 0 | |a Unstudio: el espacio flotante |
| 300 | |a 96 p | ||
| 942 | |c BK | ||
| 945 | |d 20110617 00:00:00 |a dcastane | ||
| 260 | |a Colonia |b Taschen |c 2007 | ||
| 650 | 0 | |a Arquitectura |9 804558 | |
| 650 | 0 | |a Arquitectura moderna |9 265021 | |
| 650 | 0 | |a Arquitectura |y Siglo 20 |9 266208 | |
| 583 | |a last modification |c 20110617 00:00:00 |k Rodrigo Vera | ||
| 999 | |c 345200 |d 345198 | ||
| 952 | |0 0 |1 0 |4 0 |6 720_000000000000000_BET_2007 |7 0 |8 C |9 443678 |a BIBCUR |b BIBCUR |d 2019-11-22 |i 478541K |o 720 BET 2007 |p 478541K |r 2025-04-22 |w 2019-11-22 |y BK |k CAC | ||